| 000 | 01135nam a2200337Ia 4500 | ||
|---|---|---|---|
| 003 | CO-BoRNBP | ||
| 005 | 20230519135706.0 | ||
| 007 | ta | ||
| 008 | 180810s9999 xx 000 0 und d | ||
| 020 | _a9789681650964 | ||
| 040 |
_aCO-BoRNBP _bspa _erda _cCO-BoRNBP |
||
| 041 | _aspa | ||
| 084 | _aN CRO1 | ||
| 100 |
_aCross, Gillian _92194 |
||
| 245 | 0 | _aUn mapa de ninguna parte / Guillian Cross ; traducido por Laura Emilia Pacheco ; ilustrado por Jorge Novelo | |
| 250 | _a1a ed., 7a reimpr. | ||
| 264 | _aMéxico : Fondo de Cultura Económica, 2013 | ||
| 300 | _a230 p. | ||
| 336 |
_atexto _btxt _2rdacontent |
||
| 337 |
_asin mediación _bn _2rdamedia |
||
| 338 |
_avolumen _bnc _2rdacarrier |
||
| 490 | _aA la orilla del viento : para los grandes lectores | ||
| 650 |
_a Desde Los 12 Años _2LEMB _92195 |
||
| 650 |
_a Espionaje - Novela _2LEMB _92196 |
||
| 650 |
_a Juegos De Rol - Novela _2LEMB _92197 |
||
| 650 |
_a Literatura _2LEMB _92198 |
||
| 650 |
_a Pandillas - Novela _2LEMB _92199 |
||
| 650 |
_aNovela Inglesa - Siglo XX _2LEMB _92200 |
||
| 700 |
_aNovelo, Jorge \ Pacheco, Laura Emilia _92201 |
||
| 942 | _cBK | ||
| 999 |
_c9588 _d9588 |
||